Guess the random Taylor Swift Song Lyrics 66 - Statistics

General Stats
  • This quiz has been taken 23 times
  • The average score is 224 of 399
Answer Stats
Answer % Correct
a
100%
I
100%
You
100%
you
100%
"You
100%
and
89%
And
89%
in
89%
In
89%
love
89%
Was
89%
was
89%
we
89%
be
84%
it
84%
the
84%
then
84%
to
84%
your
84%
Your
84%
It's
79%
of
79%
on
79%
all
74%
as
74%
do
74%
for
74%
is
74%
like
74%
say
74%
so
74%
they
74%
when
74%
When
74%
who
74%
Who
74%
at
68%
At
68%
had
68%
some
68%
you're
68%
You're
68%
Don't
63%
go
63%
know
63%
this
63%
This
63%
But
58%
can
58%
gonna
58%
here
58%
hi
58%
I've
58%
she
58%
them
58%
look
53%
somebody
53%
tell
53%
tells
53%
what
53%
Will
53%
believe
47%
'Cause
47%
fifteen
47%
friends
47%
got
47%
his
47%
mine
47%
now
47%
one
47%
out
47%
walk
47%
wanted
47%
you'll
47%
boy
42%
didn't
42%
just
42%
night
42%
they're
42%
think
42%
time
42%
up
42%
back
37%
Back
37%
before"
37%
before
37%
day
37%
haven't
37%
head
37%
he's
37%
him
37%
La
37%
la
37%
life
37%
seen
37%
stay
37%
things
37%
through
37%
around
32%
best
32%
boys
32%
cried
32%
dating
32%
everything
32%
first
32%
football
32%
girl
32%
Greater
32%
mind
32%
team
32%
than
32%
there's
32%
very
32%
Well
32%
We'll
32%
while
32%
both
26%
breath
26%
car
26%
class
26%
could
26%
deep
26%
doors
26%
girls
26%
heal
26%
kiss
26%
might
26%
named
26%
next
26%
nothing
26%
other
26%
red
26%
sit
26%
take
26%
Take
26%
thinking
26%
Try
26%
way
26%
4
21%
Abigail
21%
cool
21%
date
21%
ends
21%
enough
21%
everybody's
21%
figure
21%
freshman
21%
gave
21%
Laughing
21%
makes
21%
morning
21%
room
21%
'round
21%
round
21%
soon
21%
spin
21%
supposed
21%
those
21%
Wish
21%
year
21%
years
21%
ain't
16%
anything
16%
bigger
16%
changed
16%
count
16%
dancing
16%
dreams
16%
forget
16%
realized
16%
senior
16%
ten
16%
town
16%
fall
11%
Feeling
11%
feeling
11%
find
11%
flying
11%
found
11%
Hoping
11%
marry
11%
someday
11%
wink
11%
yourself
11%
mama's
5%
most
5%
swore
5%
waiting
5%
No matching quizzes found
Score Distribution
Percent of People with Each Score
Percentile by Number Answered
Your Score History
You have not taken this quiz